LEADER 00821nam0-22003011i-450- 001 990000005570403321 035 $a000000557 035 $aFED01000000557 035 $a(Aleph)000000557FED01 035 $a000000557 100 $a20011111d--------km-y0itay50------ba 101 0 $aita 105 $ay-------001yy 200 1 $aAciers inoxidables, aciers refractaires$fL. Colombier , J. Hochmann$gpreface de H. Malcor. 210 $aParis$cDunod$d1955 215 $aX, 526 p.$cill.$d25 cm 610 0 $aAcciai inossidabili 610 0 $aAcciai refrattari 676 $a669.1 700 1$aColombier,$bL. 702 1$aHochmann,$bJoseph 801 0$aIT$bUNINA$gRICA$2UNIMARC 901 $aBK 912 $a990000005570403321 952 $a13 B 16 09$b21107$fFINBC 959 $aFINBC 997 $aUNINA DB $aING01 LEADER 01156nam0-22003491i-450- 001 990004756130403321 005 20140331164259.0 035 $a000475613 035 $aFED01000475613 035 $a(Aleph)000475613FED01 035 $a000475613 100 $a20140327d1828----km-y0itay50------ba 101 0 $alat$agrc 102 $aDE 140 $ay---y----ba------zzyb-0000-- 200 1 $aStesichori Himerensis fragmenta. Collegit dissertationem de vita et poesi auctoris praemisit Ottomarus Fridericus Kleine ... 210 $aBerolini$cG.E. Reimeri$d1828 215 $aXII, 143 p.$din 8° 610 0 $aPoesia lirica greca 620 $aGermania$dBerlino 676 $a884.0109$v20$zita 700 1$aStesichorus$0190415 702 1$aKleine,$bOttomar Friedrich 719 00$aReimer,$gGeorg Andreas$4650 801 0$aIT$bUNINA$gRICA$2UNIMARC 901 $aAQ 912 $a990004756130403321 952 $aSG 880/B 100$bBibl. 39611$fFLFBC 959 $aFLFBC 959 $aFLFBC 996 $aStesichori Himerensis fragmenta. Collegit dissertationem de vita et poesi auctoris praemisit Ottomarus Fridericus Kleine ..$9558556 997 $aUNINA